Le vade-mecum des ecoliers ou verbes irreguliers de la langue francaise, conjugues en entier et suivis de l' etymologie et de nombreuses notes explicatives, d' apres les plus recents trauvaux philologiques

Αποθηκεύτηκε σε:
Λεπτομέρειες βιβλιογραφικής εγγραφής
Κύριος συγγραφέας: Nonnotte, Claude-Francois, 1711-1793
Μορφή: Βιβλίο
Γλώσσα:French
Greek
Δημοσίευση: Constantinople : Impr. Voutyra & Cie, 1875.
Θέματα:
Ετικέτες: Προσθήκη ετικέτας
Δεν υπάρχουν, Καταχωρήστε ετικέτα πρώτοι!

MARC

LEADER 00000cam a2200000 i 4500
001 1/69121
008 150331s1875 tu fre d
035 |l 10121478 
040 |a GR-MY-UA  |b gre  |e aacr 
041 0 |a fre  |a gre 
082 0 |a 445   |2 (23) 
100 1 |a Nonnotte, Claude-Francois,   |d 1711-1793. 
245 1 3 |a Le vade-mecum des ecoliers ou verbes irreguliers de la langue francaise, conjugues en entier et suivis de l' etymologie et de nombreuses notes explicatives, d' apres les plus recents trauvaux philologiques /   |c par C. Nonnotte  
260 |a Constantinople :   |b Impr. Voutyra & Cie,   |c 1875.  
300 |a 218 σ.;   |c 17 εκ.  
650 0 0 |a French language  |x Grammar. 
852 |a INST  |b SAMOS  |c PORFYRIADA  |e 20150331  |h 371.32 NON  |p 005300042027  |q 005300042027  |t NOLOAN  |y 23 
901 |a BIBL3-2015-1 
909 |a Σ  |b 192049 
970 |a ΣΙΤΖΙΜΗ  |b ΓΙΑΣΕΜΗ  |z 2015/03/31